Wiskunde - Optellingen - Statistieken

Algemene statistieken
  • Deze quiz is 126 keer genomen
  • De gemiddelde score is 18 van 20
Antwoordstatistieken
Opgave Uitkomst % Correct
13 + 87 100
100%
5 + 96 101
100%
6 + 95 101
100%
8 + 94 102
100%
35 + 68 103
100%
3 + 101 104
100%
27 + 77 104
100%
8 + 97 105
100%
12 + 93 105
100%
39 + 67 106
100%
2 + 105 107
100%
23 + 84 107
100%
20 + 88 108
100%
28 + 80 108
100%
46 + 62 108
100%
53 + 55 108
100%
5 + 104 109
100%
32 + 77 109
100%
3 + 8 11
100%
5 + 105 110
100%
37 + 73 110
100%
41 + 69 110
100%
2 + 109 111
100%
33 + 82 115
100%
2 + 115 117
100%
4 + 113 117
100%
9 + 110 119
100%
41 + 78 119
100%
7 + 113 120
100%
29 + 91 120
100%
19 + 102 121
100%
3 + 119 122
100%
14 + 108 122
100%
2 + 121 123
100%
8 + 115 123
100%
17 + 107 124
100%
22 + 102 124
100%
2 + 124 126
100%
3 + 123 126
100%
7 + 120 127
100%
1 + 128 129
100%
29 + 100 129
100%
2 + 129 131
100%
11 + 120 131
100%
49 + 83 132
100%
64 + 68 132
100%
14 + 119 133
100%
9 + 126 135
100%
15 + 121 136
100%
21 + 115 136
100%
3 + 134 137
100%
22 + 115 137
100%
8 + 131 139
100%
7 + 7 14
100%
4 + 138 142
100%
7 + 135 142
100%
31 + 111 142
100%
5 + 138 143
100%
37 + 106 143
100%
65 + 78 143
100%
27 + 118 145
100%
1 + 145 146
100%
3 + 147 150
100%
15 + 135 150
100%
20 + 130 150
100%
28 + 123 151
100%
10 + 142 152
100%
8 + 145 153
100%
2 + 152 154
100%
21 + 133 154
100%
31 + 123 154
100%
29 + 126 155
100%
30 + 125 155
100%
48 + 107 155
100%
15 + 141 156
100%
35 + 121 156
100%
50 + 106 156
100%
13 + 144 157
100%
62 + 95 157
100%
6 + 152 158
100%
12 + 146 158
100%
26 + 133 159
100%
2 + 158 160
100%
2 + 159 161
100%
51 + 110 161
100%
14 + 148 162
100%
17 + 146 163
100%
66 + 97 163
100%
5 + 159 164
100%
42 + 122 164
100%
9 + 157 166
100%
10 + 156 166
100%
1 + 166 167
100%
4 + 163 167
100%
6 + 162 168
100%
9 + 160 169
100%
4 + 166 170
100%
3 + 168 171
100%
5 + 166 171
100%
22 + 149 171
100%
8 + 164 172
100%
18 + 154 172
100%
12 + 163 175
100%
15 + 160 175
100%
3 + 173 176
100%
7 + 169 176
100%
8 + 168 176
100%
20 + 157 177
100%
6 + 172 178
100%
11 + 167 178
100%
4 + 175 179
100%
58 + 122 180
100%
5 + 176 181
100%
14 + 167 181
100%
51 + 130 181
100%
9 + 173 182
100%
42 + 141 183
100%
54 + 129 183
100%
3 + 181 184
100%
8 + 176 184
100%
3 + 183 186
100%
85 + 101 186
100%
24 + 163 187
100%
30 + 157 187
100%
58 + 129 187
100%
3 + 185 188
100%
12 + 177 189
100%
31 + 158 189
100%
9 + 182 191
100%
17 + 174 191
100%
28 + 165 193
100%
72 + 121 193
100%
8 + 186 194
100%
59 + 135 194
100%
71 + 124 195
100%
9 + 188 197
100%
23 + 174 197
100%
26 + 171 197
100%
34 + 163 197
100%
6 + 192 198
100%
11 + 187 198
100%
41 + 157 198
100%
57 + 142 199
100%
83 + 116 199
100%
17 + 183 200
100%
46 + 154 200
100%
1 + 200 201
100%
3 + 198 201
100%
9 + 192 201
100%
14 + 187 201
100%
34 + 167 201
100%
71 + 130 201
100%
8 + 195 203
100%
2 + 203 205
100%
19 + 186 205
100%
55 + 151 206
100%
3 + 205 208
100%
5 + 203 208
100%
18 + 190 208
100%
2 + 207 209
100%
4 + 205 209
100%
22 + 187 209
100%
3 + 207 210
100%
36 + 174 210
100%
10 + 201 211
100%
43 + 168 211
100%
49 + 162 211
100%
64 + 148 212
100%
2 + 211 213
100%
49 + 165 214
100%
15 + 200 215
100%
20 + 195 215
100%
42 + 173 215
100%
67 + 148 215
100%
58 + 159 217
100%
48 + 170 218
100%
23 + 196 219
100%
58 + 161 219
100%
2 + 20 22
100%
5 + 17 22
100%
11 + 11 22
100%
62 + 158 220
100%
1 + 220 221
100%
34 + 187 221
100%
8 + 214 222
100%
17 + 205 222
100%
24 + 199 223
100%
26 + 197 223
100%
25 + 200 225
100%
8 + 219 227
100%
2 + 226 228
100%
3 + 225 228
100%
7 + 221 228
100%
21 + 208 229
100%
1 + 229 230
100%
92 + 138 230
100%
16 + 215 231
100%
17 + 214 231
100%
36 + 195 231
100%
3 + 230 233
100%
16 + 217 233
100%
32 + 202 234
100%
91 + 143 234
100%
30 + 205 235
100%
40 + 195 235
100%
6 + 231 237
100%
19 + 218 237
100%
51 + 186 237
100%
1 + 237 238
100%
4 + 234 238
100%
13 + 225 238
100%
3 + 237 240
100%
24 + 217 241
100%
32 + 209 241
100%
36 + 205 241
100%
109 + 132 241
100%
2 + 240 242
100%
7 + 235 242
100%
10 + 232 242
100%
13 + 229 242
100%
82 + 160 242
100%
56 + 187 243
100%
88 + 156 244
100%
11 + 234 245
100%
25 + 220 245
100%
7 + 239 246
100%
55 + 191 246
100%
18 + 229 247
100%
20 + 227 247
100%
2 + 246 248
100%
4 + 244 248
100%
5 + 243 248
100%
19 + 229 248
100%
15 + 234 249
100%
90 + 159 249
100%
9 + 16 25
100%
33 + 217 250
100%
112 + 138 250
100%
8 + 243 251
100%
68 + 183 251
100%
39 + 213 252
100%
61 + 192 253
100%
37 + 218 255
100%
5 + 251 256
100%
33 + 223 256
100%
1 + 256 257
100%
50 + 207 257
100%
25 + 233 258
100%
29 + 229 258
100%
48 + 210 258
100%
42 + 217 259
100%
43 + 216 259
100%
8 + 18 26
100%
11 + 15 26
100%
13 + 247 260
100%
1 + 260 261
100%
45 + 216 261
100%
52 + 209 261
100%
49 + 214 263
100%
2 + 262 264
100%
7 + 257 264
100%
17 + 248 265
100%
13 + 253 266
100%
38 + 228 266
100%
69 + 197 266
100%
7 + 260 267
100%
27 + 241 268
100%
85 + 183 268
100%
95 + 174 269
100%
5 + 22 27
100%
37 + 233 270
100%
60 + 210 270
100%
61 + 209 270
100%
36 + 235 271
100%
54 + 218 272
100%
21 + 252 273
100%
23 + 250 273
100%
31 + 242 273
100%
3 + 271 274
100%
18 + 256 274
100%
50 + 225 275
100%
109 + 167 276
100%
4 + 273 277
100%
5 + 272 277
100%
27 + 250 277
100%
30 + 247 277
100%
33 + 244 277
100%
68 + 209 277
100%
124 + 153 277
100%
1 + 278 279
100%
29 + 251 280
100%
8 + 275 283
100%
40 + 243 283
100%
121 + 162 283
100%
3 + 281 284
100%
6 + 278 284
100%
7 + 278 285
100%
89 + 198 287
100%
7 + 281 288
100%
14 + 274 288
100%
60 + 228 288
100%
4 + 285 289
100%
27 + 262 289
100%
65 + 225 290
100%
2 + 289 291
100%
20 + 271 291
100%
9 + 284 293
100%
142 + 151 293
100%
35 + 259 294
100%
13 + 283 296
100%
16 + 280 296
100%
104 + 192 296
100%
6 + 292 298
100%
3 + 297 300
100%
24 + 276 300
100%
35 + 265 300
100%
46 + 255 301
100%
2 + 300 302
100%
12 + 290 302
100%
76 + 226 302
100%
2 + 302 304
100%
8 + 296 304
100%
23 + 281 304
100%
56 + 248 304
100%
25 + 280 305
100%
19 + 287 306
100%
83 + 223 306
100%
86 + 220 306
100%
93 + 213 306
100%
127 + 179 306
100%
61 + 246 307
100%
7 + 302 309
100%
28 + 281 309
100%
91 + 218 309
100%
6 + 25 31
100%
13 + 297 310
100%
31 + 279 310
100%
5 + 306 311
100%
10 + 301 311
100%
3 + 309 312
100%
23 + 289 312
100%
119 + 193 312
100%
23 + 290 313
100%
50 + 263 313
100%
77 + 236 313
100%
90 + 223 313
100%
7 + 307 314
100%
13 + 302 315
100%
9 + 308 317
100%
18 + 299 317
100%
117 + 200 317
100%
2 + 316 318
100%
28 + 290 318
100%
123 + 196 319
100%
13 + 19 32
100%
11 + 309 320
100%
18 + 303 321
100%
82 + 239 321
100%
154 + 167 321
100%
1 + 321 322
100%
7 + 315 322
100%
48 + 275 323
100%
45 + 280 325
100%
14 + 312 326
100%
34 + 292 326
100%
6 + 321 327
100%
25 + 302 327
100%
39 + 288 327
100%
10 + 318 328
100%
65 + 264 329
100%
2 + 31 33
100%
7 + 26 33
100%
140 + 190 330
100%
9 + 322 331
100%
4 + 328 332
100%
17 + 315 332
100%
160 + 172 332
100%
19 + 314 333
100%
23 + 310 333
100%
36 + 297 333
100%
1 + 333 334
100%
3 + 331 334
100%
21 + 315 336
100%
54 + 285 339
100%
58 + 281 339
100%
91 + 248 339
100%
5 + 29 34
100%
33 + 307 340
100%
54 + 286 340
100%
111 + 229 340
100%
8 + 334 342
100%
53 + 289 342
100%
6 + 339 345
100%
8 + 337 345
100%
63 + 282 345
100%
1 + 345 346
100%
19 + 327 346
100%
100 + 246 346
100%
35 + 312 347
100%
43 + 304 347
100%
6 + 342 348
100%
53 + 295 348
100%
110 + 238 348
100%
9 + 340 349
100%
68 + 281 349
100%
25 + 325 350
100%
98 + 252 350
100%
122 + 229 351
100%
8 + 345 353
100%
13 + 340 353
100%
16 + 338 354
100%
97 + 257 354
100%
91 + 264 355
100%
2 + 354 356
100%
16 + 341 357
100%
34 + 323 357
100%
39 + 320 359
100%
167 + 192 359
100%
6 + 354 360
100%
11 + 349 360
100%
148 + 212 360
100%
1 + 360 361
100%
46 + 315 361
100%
153 + 208 361
100%
7 + 355 362
100%
36 + 326 362
100%
39 + 323 362
100%
92 + 270 362
100%
93 + 269 362
100%
105 + 257 362
100%
4 + 360 364
100%
6 + 358 364
100%
132 + 232 364
100%
40 + 325 365
100%
71 + 294 365
100%
6 + 360 366
100%
38 + 328 366
100%
79 + 287 366
100%
3 + 364 367
100%
2 + 366 368
100%
8 + 360 368
100%
154 + 214 368
100%
6 + 363 369
100%
10 + 359 369
100%
74 + 295 369
100%
124 + 245 369
100%
8 + 29 37
100%
9 + 361 370
100%
53 + 318 371
100%
101 + 270 371
100%
11 + 361 372
100%
88 + 284 372
100%
7 + 366 373
100%
155 + 218 373
100%
2 + 372 374
100%
97 + 277 374
100%
135 + 239 374
100%
19 + 356 375
100%
104 + 271 375
100%
42 + 334 376
100%
2 + 375 377
100%
32 + 345 377
100%
10 + 369 379
100%
35 + 344 379
100%
74 + 305 379
100%
173 + 206 379
100%
1 + 379 380
100%
28 + 352 380
100%
9 + 372 381
100%
5 + 377 382
100%
13 + 369 382
100%
69 + 314 383
100%
108 + 275 383
100%
6 + 379 385
100%
16 + 370 386
100%
140 + 246 386
100%
5 + 382 387
100%
3 + 385 388
100%
5 + 383 388
100%
8 + 381 389
100%
68 + 321 389
100%
99 + 290 389
100%
186 + 204 390
100%
4 + 387 391
100%
4 + 388 392
100%
62 + 331 393
100%
133 + 260 393
100%
4 + 390 394
100%
7 + 387 394
100%
17 + 378 395
100%
92 + 303 395
100%
185 + 210 395
100%
2 + 394 396
100%
155 + 241 396
100%
9 + 388 397
100%
63 + 334 397
100%
10 + 388 398
100%
15 + 383 398
100%
26 + 372 398
100%
43 + 355 398
100%
51 + 347 398
100%
57 + 341 398
100%
91 + 307 398
100%
111 + 287 398
100%
2 + 2 4
100%
3 + 397 400
100%
72 + 328 400
100%
80 + 320 400
100%
119 + 281 400
100%
32 + 369 401
100%
9 + 393 402
100%
16 + 387 403
100%
37 + 366 403
100%
10 + 394 404
100%
29 + 375 404
100%
64 + 341 405
100%
153 + 252 405
100%
13 + 393 406
100%
137 + 269 406
100%
3 + 404 407
100%
9 + 398 407
100%
22 + 385 407
100%
35 + 372 407
100%
1 + 407 408
100%
3 + 405 408
100%
15 + 393 408
100%
135 + 274 409
100%
16 + 25 41
100%
1 + 409 410
100%
75 + 335 410
100%
77 + 334 411
100%
7 + 405 412
100%
36 + 376 412
100%
6 + 408 414
100%
49 + 365 414
100%
18 + 397 415
100%
1 + 415 416
100%
13 + 403 416
100%
29 + 387 416
100%
14 + 404 418
100%
16 + 402 418
100%
2 + 417 419
100%
8 + 412 420
100%
165 + 255 420
100%
19 + 402 421
100%
20 + 401 421
100%
26 + 395 421
100%
95 + 327 422
100%
60 + 363 423
100%
122 + 301 423
100%
1 + 424 425
100%
9 + 416 425
100%
24 + 402 426
100%
109 + 317 426
100%
23 + 404 427
100%
38 + 389 427
100%
45 + 383 428
100%
6 + 423 429
100%
29 + 400 429
100%
34 + 395 429
100%
47 + 383 430
100%
55 + 375 430
100%
134 + 296 430
100%
13 + 418 431
100%
47 + 384 431
100%
164 + 267 431
100%
27 + 405 432
100%
161 + 271 432
100%
1 + 432 433
100%
7 + 426 433
100%
8 + 425 433
100%
19 + 414 433
100%
21 + 413 434
100%
74 + 360 434
100%
91 + 343 434
100%
97 + 340 437
100%
8 + 430 438
100%
19 + 419 438
100%
23 + 415 438
100%
123 + 315 438
100%
5 + 434 439
100%
14 + 425 439
100%
16 + 423 439
100%
2 + 439 441
100%
9 + 432 441
100%
70 + 371 441
100%
106 + 335 441
100%
72 + 370 442
100%
8 + 435 443
100%
12 + 431 443
100%
155 + 288 443
100%
209 + 234 443
100%
6 + 438 444
100%
7 + 437 444
100%
35 + 409 444
100%
100 + 344 444
100%
75 + 370 445
100%
163 + 283 446
100%
1 + 446 447
100%
9 + 439 448
100%
33 + 415 448
100%
11 + 439 450
100%
2 + 449 451
100%
4 + 447 451
100%
26 + 427 453
100%
15 + 439 454
100%
17 + 437 454
100%
7 + 449 456
100%
23 + 434 457
100%
7 + 451 458
100%
17 + 441 458
100%
24 + 434 458
100%
30 + 428 458
100%
18 + 441 459
100%
112 + 347 459
100%
128 + 331 459
100%
14 + 32 46
100%
6 + 454 460
100%
9 + 453 462
100%
43 + 419 462
100%
5 + 458 463
100%
20 + 443 463
100%
65 + 398 463
100%
97 + 366 463
100%
32 + 432 464
100%
169 + 295 464
100%
1 + 465 466
100%
23 + 443 466
100%
58 + 408 466
100%
138 + 328 466
100%
7 + 460 467
100%
19 + 448 467
100%
28 + 439 467
100%
214 + 253 467
100%
16 + 452 468
100%
50 + 419 469
100%
89 + 380 469
100%
104 + 365 469
100%
107 + 363 470
100%
228 + 242 470
100%
6 + 465 471
100%
12 + 459 471
100%
31 + 440 471
100%
76 + 395 471
100%
186 + 286 472
100%
69 + 404 473
100%
7 + 470 477
100%
197 + 280 477
100%
201 + 276 477
100%
4 + 474 478
100%
60 + 418 478
100%
77 + 401 478
100%
110 + 368 478
100%
33 + 446 479
100%
40 + 439 479
100%
144 + 335 479
100%
3 + 45 48
100%
5 + 43 48
100%
5 + 475 480
100%
7 + 473 480
100%
8 + 472 480
100%
21 + 459 480
100%
29 + 452 481
100%
121 + 361 482
100%
51 + 432 483
100%
49 + 435 484
100%
4 + 481 485
100%
18 + 467 485
100%
143 + 342 485
100%
219 + 266 485
100%
1 + 485 486
100%
4 + 482 486
100%
13 + 473 486
100%
89 + 397 486
100%
169 + 318 487
100%
20 + 468 488
100%
40 + 448 488
100%
45 + 443 488
100%
17 + 472 489
100%
39 + 450 489
100%
79 + 410 489
100%
103 + 386 489
100%
147 + 342 489
100%
1 + 489 490
100%
2 + 488 490
100%
7 + 483 490
100%
108 + 382 490
100%
200 + 290 490
100%
8 + 483 491
100%
34 + 457 491
100%
1 + 491 492
100%
99 + 393 492
100%
174 + 319 493
100%
26 + 468 494
100%
171 + 323 494
100%
13 + 483 496
100%
5 + 492 497
100%
34 + 463 497
100%
36 + 461 497
100%
11 + 487 498
100%
26 + 472 498
100%
58 + 440 498
100%
75 + 423 498
100%
238 + 260 498
100%
9 + 41 50
100%
32 + 468 500
100%
29 + 472 501
100%
55 + 446 501
100%
15 + 488 503
100%
148 + 355 503
100%
3 + 501 504
100%
18 + 486 504
100%
6 + 499 505
100%
103 + 402 505
100%
68 + 438 506
100%
25 + 482 507
100%
37 + 470 507
100%
48 + 459 507
100%
249 + 258 507
100%
26 + 483 509
100%
108 + 401 509
100%
141 + 368 509
100%
172 + 337 509
100%
177 + 332 509
100%
16 + 35 51
100%
3 + 507 510
100%
4 + 506 510
100%
16 + 494 510
100%
17 + 493 510
100%
31 + 479 510
100%
167 + 343 510
100%
6 + 505 511
100%
7 + 504 511
100%
72 + 439 511
100%
19 + 493 512
100%
25 + 487 512
100%
26 + 486 512
100%
2 + 511 513
100%
142 + 371 513
100%
5 + 509 514
100%
40 + 474 514
100%
112 + 402 514
100%
176 + 339 515
100%
50 + 466 516
100%
104 + 412 516
100%
135 + 381 516
100%
3 + 515 518
100%
6 + 513 519
100%
32 + 487 519
100%
167 + 352 519
100%
11 + 41 52
100%
3 + 517 520
100%
11 + 509 520
100%
25 + 495 520
100%
77 + 444 521
100%
218 + 303 521
100%
61 + 461 522
100%
114 + 408 522
100%
10 + 513 523
100%
8 + 517 525
100%
35 + 490 525
100%
60 + 465 525
100%
217 + 308 525
100%
8 + 519 527
100%
1 + 527 528
100%
3 + 525 528
100%
6 + 522 528
100%
13 + 515 528
100%
49 + 479 528
100%
2 + 527 529
100%
43 + 486 529
100%
98 + 431 529
100%
244 + 285 529
100%
6 + 47 53
100%
32 + 498 530
100%
81 + 449 530
100%
83 + 447 530
100%
17 + 514 531
100%
99 + 432 531
100%
19 + 513 532
100%
154 + 378 532
100%
173 + 359 532
100%
5 + 528 533
100%
74 + 459 533
100%
249 + 284 533
100%
17 + 517 534
100%
66 + 468 534
100%
184 + 350 534
100%
20 + 515 535
100%
67 + 468 535
100%
151 + 384 535
100%
222 + 313 535
100%
9 + 527 536
100%
50 + 486 536
100%
67 + 469 536
100%
182 + 354 536
100%
1 + 536 537
100%
6 + 531 537
100%
13 + 524 537
100%
118 + 420 538
100%
149 + 390 539
100%
196 + 343 539
100%
10 + 44 54
100%
5 + 535 540
100%
11 + 529 540
100%
12 + 528 540
100%
2 + 539 541
100%
3 + 538 541
100%
8 + 533 541
100%
73 + 468 541
100%
84 + 457 541
100%
49 + 493 542
100%
8 + 535 543
100%
13 + 531 544
100%
21 + 524 545
100%
57 + 488 545
100%
88 + 457 545
100%
203 + 342 545
100%
226 + 319 545
100%
22 + 524 546
100%
34 + 512 546
100%
5 + 542 547
100%
18 + 529 547
100%
27 + 521 548
100%
19 + 530 549
100%
20 + 529 549
100%
51 + 498 549
100%
174 + 375 549
100%
3 + 52 55
100%
10 + 541 551
100%
61 + 490 551
100%
44 + 508 552
100%
83 + 469 552
100%
188 + 364 552
100%
227 + 325 552
100%
5 + 548 553
100%
8 + 545 553
100%
37 + 516 553
100%
3 + 551 554
100%
6 + 549 555
100%
47 + 508 555
100%
14 + 543 557
100%
115 + 442 557
100%
122 + 435 557
100%
11 + 547 558
100%
25 + 533 558
100%
46 + 512 558
100%
61 + 497 558
100%
87 + 471 558
100%
230 + 328 558
100%
59 + 500 559
100%
81 + 478 559
100%
4 + 52 56
100%
5 + 555 560
100%
19 + 541 560
100%
36 + 524 560
100%
32 + 529 561
100%
59 + 505 564
100%
89 + 475 564
100%
154 + 410 564
100%
10 + 555 565
100%
42 + 523 565
100%
76 + 489 565
100%
192 + 373 565
100%
2 + 564 566
100%
5 + 561 566
100%
12 + 554 566
100%
9 + 558 567
100%
248 + 319 567
100%
4 + 564 568
100%
88 + 480 568
100%
211 + 357 568
100%
5 + 564 569
100%
84 + 485 569
100%
1 + 569 570
100%
35 + 535 570
100%
46 + 524 570
100%
144 + 427 571
100%
232 + 339 571
100%
7 + 565 572
100%
21 + 551 572
100%
94 + 478 572
100%
18 + 555 573
100%
64 + 509 573
100%
243 + 330 573
100%
4 + 570 574
100%
80 + 494 574
100%
194 + 380 574
100%
4 + 571 575
100%
8 + 567 575
100%
11 + 565 576
100%
13 + 563 576
100%
30 + 548 578
100%
96 + 482 578
100%
109 + 469 578
100%
269 + 310 579
100%
1 + 579 580
100%
24 + 556 580
100%
86 + 494 580
100%
22 + 559 581
100%
26 + 555 581
100%
89 + 492 581
100%
242 + 339 581
100%
8 + 574 582
100%
3 + 580 583
100%
7 + 576 583
100%
71 + 512 583
100%
261 + 322 583
100%
2 + 582 584
100%
8 + 576 584
100%
60 + 524 584
100%
115 + 469 584
100%
14 + 571 585
100%
16 + 569 585
100%
203 + 382 585
100%
32 + 554 586
100%
67 + 519 586
100%
231 + 355 586
100%
270 + 318 588
100%
2 + 587 589
100%
8 + 581 589
100%
30 + 559 589
100%
37 + 552 589
100%
17 + 573 590
100%
18 + 573 591
100%
129 + 462 591
100%
74 + 518 592
100%
7 + 586 593
100%
54 + 539 593
100%
54 + 540 594
100%
2 + 594 596
100%
8 + 589 597
100%
235 + 362 597
100%
248 + 351 599
100%
8 + 54 62
100%
5 + 59 64
100%
9 + 56 65
100%
14 + 51 65
100%
7 + 59 66
100%
12 + 54 66
100%
25 + 41 66
100%
6 + 62 68
100%
16 + 53 69
100%
34 + 35 69
100%
1 + 6 7
100%
4 + 68 72
100%
7 + 65 72
100%
4 + 70 74
100%
34 + 41 75
100%
18 + 59 77
100%
4 + 74 78
100%
5 + 75 80
100%
19 + 61 80
100%
9 + 72 81
100%
7 + 77 84
100%
3 + 83 86
100%
14 + 72 86
100%
1 + 86 87
100%
9 + 80 89
100%
8 + 84 92
100%
34 + 58 92
100%
17 + 76 93
100%
1 + 93 94
100%
4 + 90 94
100%
5 + 89 94
100%
25 + 70 95
100%
29 + 67 96
100%
9 + 88 97
100%
10 + 87 97
100%
21 + 77 98
100%
7 + 364 371
67%
10 + 413 423
67%
122 + 317 439
67%
21 + 111 132
50%
33 + 112 145
50%
7 + 178 185
50%
11 + 207 218
50%
29 + 203 232
50%
84 + 152 236
50%
38 + 205 243
50%
33 + 242 275
50%
18 + 267 285
50%
149 + 152 301
50%
43 + 281 324
50%
116 + 211 327
50%
77 + 265 342
50%
24 + 332 356
50%
67 + 299 366
50%
55 + 315 370
50%
103 + 314 417
50%
17 + 422 439
50%
228 + 243 471
50%
75 + 408 483
50%
56 + 451 507
50%
147 + 363 510
50%
42 + 483 525
50%
139 + 394 533
50%
56 + 488 544
50%
97 + 472 569
50%
19 + 553 572
50%
15 + 63 78
50%
15 + 81 96
50%
198 + 232 430
33%
98 + 442 540
33%
15 + 85 100
0%
16 + 85 101
0%
19 + 82 101
0%
24 + 77 101
0%
5 + 97 102
0%
11 + 91 102
0%
18 + 84 102
0%
1 + 102 103
0%
3 + 100 103
0%
7 + 96 103
0%
10 + 93 103
0%
20 + 83 103
0%
4 + 100 104
0%
33 + 72 105
0%
51 + 54 105
0%
1 + 105 106
0%
4 + 103 107
0%
9 + 98 107
0%
11 + 96 107
0%
35 + 72 107
0%
6 + 102 108
0%
31 + 78 109
0%
39 + 70 109
0%
4 + 7 11
0%
9 + 101 110
0%
22 + 88 110
0%
7 + 104 111
0%
8 + 104 112
0%
17 + 95 112
0%
28 + 84 112
0%
3 + 110 113
0%
7 + 106 113
0%
26 + 87 113
0%
39 + 74 113
0%
46 + 67 113
0%
53 + 60 113
0%
4 + 110 114
0%
6 + 108 114
0%
26 + 88 114
0%
1 + 114 115
0%
2 + 113 115
0%
12 + 103 115
0%
27 + 88 115
0%
11 + 105 116
0%
13 + 103 116
0%
58 + 58 116
0%
7 + 110 117
0%
44 + 73 117
0%
2 + 116 118
0%
10 + 108 118
0%
15 + 103 118
0%
5 + 114 119
0%
7 + 112 119
0%
14 + 105 119
0%
21 + 98 119
0%
40 + 79 119
0%
3 + 117 120
0%
33 + 87 120
0%
1 + 120 121
0%
2 + 119 121
0%
6 + 115 121
0%
8 + 113 121
0%
16 + 105 121
0%
18 + 103 121
0%
31 + 90 121
0%
2 + 120 122
0%
19 + 103 122
0%
25 + 97 122
0%
43 + 79 122
0%
54 + 68 122
0%
3 + 120 123
0%
4 + 120 124
0%
5 + 119 124
0%
9 + 115 124
0%
12 + 112 124
0%
19 + 105 124
0%
20 + 104 124
0%
25 + 99 124
0%
35 + 91 126
0%
4 + 123 127
0%
6 + 121 127
0%
38 + 89 127
0%
13 + 115 128
0%
34 + 94 128
0%
7 + 122 129
0%
23 + 106 129
0%
30 + 99 129
0%
1 + 129 130
0%
28 + 102 130
0%
36 + 94 130
0%
42 + 88 130
0%
3 + 128 131
0%
4 + 127 131
0%
8 + 123 131
0%
9 + 122 131
0%
17 + 114 131
0%
24 + 107 131
0%
43 + 88 131
0%
2 + 130 132
0%
4 + 128 132
0%
5 + 128 133
0%
10 + 123 133
0%
48 + 85 133
0%
54 + 79 133
0%
17 + 117 134
0%
45 + 89 134
0%
27 + 108 135
0%
43 + 92 135
0%
49 + 86 135
0%
2 + 134 136
0%
5 + 131 136
0%
8 + 128 136
0%
14 + 122 136
0%
4 + 133 137
0%
6 + 131 137
0%
16 + 121 137
0%
26 + 111 137
0%
32 + 105 137
0%
59 + 78 137
0%
5 + 133 138
0%
6 + 132 138
0%
7 + 131 138
0%
40 + 98 138
0%
1 + 138 139
0%
7 + 132 139
0%
11 + 128 139
0%
17 + 122 139
0%
19 + 120 139
0%
61 + 78 139
0%
1 + 13 14
0%
3 + 11 14
0%
4 + 136 140
0%
18 + 122 140
0%
19 + 122 141
0%
46 + 95 141
0%
9 + 133 142
0%
47 + 96 143
0%
2 + 142 144
0%
3 + 141 144
0%
7 + 137 144
0%
12 + 132 144
0%
18 + 126 144
0%
70 + 74 144
0%
13 + 132 145
0%
41 + 104 145
0%
8 + 138 146
0%
12 + 134 146
0%
14 + 133 147
0%
25 + 122 147
0%
1 + 147 148
0%
6 + 142 148
0%
7 + 141 148
0%
8 + 140 148
0%
29 + 119 148
0%
49 + 99 148
0%
5 + 144 149
0%
7 + 142 149
0%
8 + 141 149
0%
11 + 138 149
0%
16 + 133 149
0%
5 + 10 15
0%
5 + 145 150
0%
9 + 141 150
0%
39 + 111 150
0%
32 + 119 151
0%
34 + 117 151
0%
64 + 87 151
0%
4 + 148 152
0%
5 + 147 152
0%
11 + 141 152
0%
44 + 108 152
0%
57 + 95 152
0%
36 + 117 153
0%
38 + 115 153
0%
8 + 146 154
0%
27 + 127 154
0%
9 + 146 155
0%
39 + 116 155
0%
41 + 114 155
0%
45 + 110 155
0%
3 + 153 156
0%
5 + 151 156
0%
16 + 140 156
0%
4 + 153 157
0%
14 + 143 157
0%
16 + 141 157
0%
17 + 140 157
0%
23 + 134 157
0%
1 + 157 158
0%
8 + 150 158
0%
11 + 147 158
0%
20 + 138 158
0%
40 + 118 158
0%
3 + 156 159
0%
4 + 155 159
0%
7 + 152 159
0%
30 + 129 159
0%
31 + 128 159
0%
2 + 14 16
0%
3 + 157 160
0%
19 + 141 160
0%
24 + 136 160
0%
44 + 116 160
0%
50 + 110 160
0%
60 + 100 160
0%
18 + 143 161
0%
16 + 146 162
0%
52 + 110 162
0%
65 + 97 162
0%
7 + 156 163
0%
9 + 154 163
0%
63 + 100 163
0%
8 + 156 164
0%
22 + 142 164
0%
25 + 139 164
0%
35 + 129 164
0%
55 + 109 164
0%
75 + 89 164
0%
3 + 162 165
0%
11 + 154 165
0%
58 + 107 165
0%
16 + 150 166
0%
28 + 138 166
0%
30 + 136 166
0%
56 + 110 166
0%
66 + 100 166
0%
19 + 148 167
0%
53 + 114 167
0%
2 + 166 168
0%
13 + 155 168
0%
23 + 145 168
0%
30 + 138 168
0%
78 + 91 169
0%
6 + 164 170
0%
10 + 160 170
0%
33 + 137 170
0%
6 + 165 171
0%
17 + 154 171
0%
39 + 132 171
0%
76 + 95 171
0%
1 + 171 172
0%
7 + 165 172
0%
4 + 169 173
0%
9 + 164 173
0%
21 + 152 173
0%
59 + 114 173
0%
72 + 101 173
0%
7 + 167 174
0%
25 + 149 174
0%
26 + 148 174
0%
37 + 137 174
0%
66 + 108 174
0%
67 + 107 174
0%
20 + 155 175
0%
25 + 150 175
0%
63 + 112 175
0%
3 + 174 177
0%
70 + 107 177
0%
2 + 176 178
0%
20 + 158 178
0%
35 + 143 178
0%
6 + 173 179
0%
26 + 153 179
0%
39 + 140 179
0%
43 + 136 179
0%
1 + 179 180
0%
11 + 169 180
0%
46 + 134 180
0%
72 + 108 180
0%
34 + 147 181
0%
58 + 123 181
0%
86 + 95 181
0%
1 + 181 182
0%
10 + 172 182
0%
6 + 177 183
0%
9 + 174 183
0%
27 + 156 183
0%
33 + 150 183
0%
48 + 135 183
0%
1 + 183 184
0%
19 + 165 184
0%
27 + 157 184
0%
29 + 155 184
0%
13 + 172 185
0%
16 + 169 185
0%
36 + 149 185
0%
62 + 123 185
0%
4 + 182 186
0%
5 + 181 186
0%
17 + 169 186
0%
49 + 137 186
0%
15 + 172 187
0%
21 + 166 187
0%
43 + 144 187
0%
50 + 137 187
0%
53 + 134 187
0%
77 + 110 187
0%
2 + 186 188
0%
6 + 182 188
0%
7 + 181 188
0%
18 + 170 188
0%
37 + 151 188
0%
52 + 136 188
0%
5 + 184 189
0%
10 + 179 189
0%
16 + 173 189
0%
1 + 18 19
0%
1 + 189 190
0%
18 + 172 190
0%
32 + 158 190
0%
39 + 151 190
0%
15 + 176 191
0%
35 + 156 191
0%
93 + 98 191
0%
38 + 154 192
0%
4 + 189 193
0%
10 + 183 193
0%
47 + 146 193
0%
48 + 145 193
0%
84 + 109 193
0%
4 + 190 194
0%
5 + 190 195
0%
61 + 134 195
0%
1 + 195 196
0%
7 + 189 196
0%
8 + 188 196
0%
13 + 183 196
0%
17 + 179 196
0%
32 + 164 196
0%
37 + 159 196
0%
40 + 156 196
0%
55 + 141 196
0%
3 + 194 197
0%
2 + 196 198
0%
56 + 142 198
0%
3 + 196 199
0%
54 + 145 199
0%
97 + 102 199
0%
4 + 16 20
0%
5 + 15 20
0%
6 + 14 20
0%
22 + 178 200
0%
28 + 172 200
0%
44 + 156 200
0%
45 + 155 200
0%
62 + 138 200
0%
13 + 188 201
0%
15 + 186 201
0%
16 + 185 201
0%
75 + 126 201
0%
4 + 198 202
0%
7 + 195 202
0%
19 + 183 202
0%
25 + 177 202
0%
33 + 169 202
0%
5 + 198 203
0%
6 + 197 203
0%
16 + 187 203
0%
51 + 152 203
0%
64 + 139 203
0%
69 + 134 203
0%
77 + 126 203
0%
80 + 123 203
0%
21 + 183 204
0%
3 + 202 205
0%
7 + 198 205
0%
9 + 196 205
0%
24 + 181 205
0%
27 + 178 205
0%
60 + 145 205
0%
66 + 139 205
0%
68 + 137 205
0%
4 + 202 206
0%
31 + 175 206
0%
57 + 149 206
0%
65 + 141 206
0%
2 + 205 207
0%
6 + 201 207
0%
11 + 196 207
0%
12 + 195 207
0%
19 + 188 207
0%
29 + 178 207
0%
30 + 177 207
0%
2 + 206 208
0%
6 + 202 208
0%
17 + 191 208
0%
20 + 188 208
0%
49 + 159 208
0%
77 + 131 208
0%
8 + 201 209
0%
9 + 200 209
0%
18 + 191 209
0%
52 + 157 209
0%
63 + 146 209
0%
4 + 17 21
0%
1 + 209 210
0%
84 + 126 210
0%
6 + 205 211
0%
73 + 138 211
0%
50 + 162 212
0%
81 + 131 212
0%
7 + 206 213
0%
9 + 205 214
0%
74 + 140 214
0%
4 + 211 215
0%
8 + 207 215
0%
35 + 180 215
0%
55 + 160 215
0%
7 + 209 216
0%
14 + 202 216
0%
45 + 171 216
0%
10 + 207 217
0%
16 + 201 217
0%
17 + 200 217
0%
38 + 179 217
0%
50 + 167 217
0%
2 + 216 218
0%
3 + 215 218
0%
5 + 213 218
0%
18 + 200 218
0%
19 + 199 218
0%
39 + 179 218
0%
95 + 123 218
0%
1 + 218 219
0%
29 + 190 219
0%
43 + 176 219
0%
47 + 172 219
0%
4 + 18 22
0%
9 + 13 22
0%
13 + 207 220
0%
94 + 126 220
0%
3 + 218 221
0%
6 + 215 221
0%
7 + 215 222
0%
9 + 213 222
0%
41 + 181 222
0%
81 + 141 222
0%
2 + 221 223
0%
9 + 214 223
0%
12 + 211 223
0%
23 + 200 223
0%
44 + 179 223
0%
32 + 192 224
0%
50 + 174 224
0%
3 + 222 225
0%
4 + 221 225
0%
6 + 219 225
0%
26 + 199 225
0%
42 + 183 225
0%
27 + 199 226
0%
72 + 154 226
0%
10 + 217 227
0%
17 + 210 227
0%
20 + 207 227
0%
31 + 196 227
0%
41 + 186 227
0%
91 + 136 227
0%
4 + 224 228
0%
5 + 223 228
0%
23 + 205 228
0%
28 + 200 228
0%
50 + 178 228
0%
74 + 154 228
0%
15 + 214 229
0%
16 + 213 229
0%
19 + 210 229
0%
93 + 136 229
0%
3 + 20 23
0%
6 + 17 23
0%
8 + 222 230
0%
11 + 219 230
0%
18 + 212 230
0%
27 + 203 230
0%
79 + 151 230
0%
89 + 141 230
0%
1 + 230 231
0%
5 + 226 231
0%
11 + 220 231
0%
33 + 198 231
0%
34 + 197 231
0%
38 + 193 231
0%
14 + 218 232
0%
1 + 232 233
0%
9 + 224 233
0%
23 + 210 233
0%
78 + 155 233
0%
6 + 228 234
0%
31 + 203 234
0%
54 + 180 234
0%
57 + 177 234
0%
117 + 117 234
0%
6 + 229 235
0%
9 + 226 235
0%
22 + 213 235
0%
23 + 212 235
0%
28 + 207 235
0%
41 + 194 235
0%
64 + 171 235
0%
80 + 155 235
0%
99 + 136 235
0%
111 + 124 235
0%
12 + 224 236
0%
25 + 211 236
0%
37 + 199 236
0%
5 + 232 237
0%
8 + 229 237
0%
107 + 130 237
0%
2 + 236 238
0%
7 + 231 238
0%
8 + 230 238
0%
9 + 229 238
0%
70 + 168 238
0%
109 + 129 238
0%
53 + 186 239
0%
75 + 164 239
0%
87 + 152 239
0%
7 + 17 24
0%
6 + 234 240
0%
19 + 221 240
0%
63 + 177 240
0%
85 + 155 240
0%
59 + 182 241
0%
76 + 166 242
0%
101 + 141 242
0%
2 + 241 243
0%
5 + 238 243
0%
7 + 236 243
0%
8 + 235 243
0%
9 + 234 243
0%
11 + 232 243
0%
48 + 195 243
0%
23 + 221 244
0%
107 + 137 244
0%
1 + 244 245
0%
13 + 232 245
0%
14 + 231 245
0%
106 + 139 245
0%
6 + 240 246
0%
17 + 229 246
0%
46 + 200 246
0%
56 + 190 246
0%
84 + 162 246
0%
2 + 245 247
0%
22 + 225 247
0%
39 + 208 247
0%
3 + 245 248
0%
26 + 222 248
0%
45 + 203 248
0%
7 + 242 249
0%
12 + 237 249
0%
16 + 233 249
0%
55 + 194 249
0%
77 + 172 249
0%
21 + 229 250
0%
35 + 215 250
0%
74 + 176 250
0%
108 + 142 250
0%
9 + 242 251
0%
19 + 232 251
0%
47 + 204 251
0%
11 + 241 252
0%
17 + 235 252
0%
35 + 217 252
0%
2 + 251 253
0%
28 + 225 253
0%
57 + 196 253
0%
7 + 247 254
0%
8 + 246 254
0%
1 + 254 255
0%
10 + 245 255
0%
18 + 237 255
0%
100 + 155 255
0%
2 + 254 256
0%
4 + 252 256
0%
6 + 250 256
0%
8 + 248 256
0%
15 + 241 256
0%
27 + 229 256
0%
36 + 220 256
0%
40 + 216 256
0%
3 + 254 257
0%
8 + 249 257
0%
38 + 219 257
0%
3 + 255 258
0%
15 + 243 258
0%
55 + 203 258
0%
86 + 172 258
0%
4 + 255 259
0%
66 + 193 259
0%
73 + 186 259
0%
83 + 176 259
0%
2 + 24 26
0%
3 + 23 26
0%
51 + 209 260
0%
79 + 181 260
0%
125 + 135 260
0%
4 + 257 261
0%
5 + 256 261
0%
6 + 255 261
0%
9 + 252 261
0%
83 + 178 261
0%
9 + 253 262
0%
34 + 228 262
0%
35 + 227 262
0%
57 + 205 262
0%
85 + 177 262
0%
6 + 257 263
0%
11 + 252 263
0%
14 + 249 263
0%
19 + 244 263
0%
36 + 227 263
0%
39 + 224 263
0%
1 + 263 264
0%
8 + 256 264
0%
10 + 254 264
0%
16 + 249 265
0%
22 + 243 265
0%
3 + 263 266
0%
120 + 146 266
0%
1 + 266 267
0%
2 + 265 267
0%
36 + 231 267
0%
42 + 225 267
0%
46 + 221 267
0%
47 + 220 267
0%
88 + 179 267
0%
15 + 253 268
0%
72 + 196 268
0%
6 + 263 269
0%
12 + 257 269
0%
24 + 245 269
0%
3 + 267 270
0%
5 + 265 270
0%
17 + 253 270
0%
24 + 246 270
0%
26 + 244 270
0%
74 + 196 270
0%
4 + 267 271
0%
44 + 227 271
0%
4 + 268 272
0%
8 + 264 272
0%
9 + 263 272
0%
34 + 238 272
0%
6 + 267 273
0%
24 + 249 273
0%
38 + 235 273
0%
105 + 168 273
0%
1 + 273 274
0%
2 + 272 274
0%
8 + 266 274
0%
20 + 254 274
0%
28 + 246 274
0%
30 + 244 274
0%
58 + 216 274
0%
34 + 241 275
0%
51 + 224 275
0%
65 + 210 275
0%
3 + 273 276
0%
7 + 269 276
0%
48 + 228 276
0%
69 + 207 276
0%
1 + 276 277
0%
6 + 271 277
0%
10 + 267 277
0%
25 + 252 277
0%
38 + 239 277
0%
2 + 276 278
0%
9 + 269 278
0%
11 + 267 278
0%
21 + 257 278
0%
36 + 242 278
0%
47 + 231 278
0%
49 + 229 278
0%
56 + 222 278
0%
71 + 207 278
0%
28 + 251 279
0%
96 + 183 279
0%
5 + 23 28
0%
3 + 277 280
0%
4 + 276 280
0%
5 + 275 280
0%
14 + 266 280
0%
28 + 252 280
0%
62 + 218 280
0%
80 + 200 280
0%
97 + 183 280
0%
106 + 174 280
0%
13 + 268 281
0%
17 + 264 281
0%
19 + 262 281
0%
32 + 249 281
0%
5 + 277 282
0%
12 + 270 282
0%
15 + 267 282
0%
16 + 266 282
0%
99 + 183 282
0%
101 + 181 282
0%
67 + 216 283
0%
97 + 186 283
0%
9 + 275 284
0%
25 + 259 284
0%
26 + 258 284
0%
41 + 243 284
0%
44 + 240 284
0%
45 + 239 284
0%
82 + 202 284
0%
114 + 170 284
0%
9 + 276 285
0%
7 + 279 286
0%
31 + 255 286
0%
78 + 208 286
0%
1 + 286 287
0%
8 + 279 287
0%
12 + 275 287
0%
64 + 223 287
0%
2 + 286 288
0%
3 + 285 288
0%
5 + 283 288
0%
11 + 277 288
0%
34 + 254 288
0%
6 + 283 289
0%
15 + 274 289
0%
59 + 230 289
0%
81 + 208 289
0%
1 + 28 29
0%
11 + 18 29
0%
98 + 192 290
0%
1 + 290 291
0%
4 + 287 291
0%
18 + 273 291
0%
52 + 239 291
0%
55 + 236 291
0%
136 + 155 291
0%
4 + 288 292
0%
37 + 255 292
0%
40 + 252 292
0%
53 + 239 292
0%
111 + 181 292
0%
5 + 288 293
0%
10 + 283 293
0%
11 + 282 293
0%
74 + 219 293
0%
110 + 183 293
0%
7 + 287 294
0%
14 + 280 294
0%
28 + 266 294
0%
34 + 260 294
0%
102 + 192 294
0%
8 + 287 295
0%
13 + 282 295
0%
15 + 280 295
0%
22 + 273 295
0%
63 + 232 295
0%
108 + 187 295
0%
60 + 236 296
0%
78 + 218 296
0%
3 + 294 297
0%
19 + 278 297
0%
33 + 264 297
0%
39 + 258 297
0%
57 + 240 297
0%
92 + 205 297
0%
122 + 175 297
0%
11 + 287 298
0%
43 + 255 298
0%
44 + 254 298
0%
67 + 231 298
0%
98 + 200 298
0%
116 + 182 298
0%
2 + 297 299
0%
75 + 224 299
0%
8 + 22 30
0%
1 + 299 300
0%
4 + 296 300
0%
7 + 293 300
0%
9 + 291 300
0%
17 + 283 300
0%
22 + 278 300
0%
23 + 277 300
0%
52 + 248 300
0%
71 + 229 300
0%
4 + 297 301
0%
7 + 294 301
0%
9 + 292 301
0%
12 + 289 301
0%
47 + 254 301
0%
52 + 249 301
0%
3 + 300 303
0%
5 + 298 303
0%
61 + 242 303
0%
69 + 234 303
0%
79 + 224 303
0%
117 + 186 303
0%
1 + 303 304
0%
118 + 186 304
0%
128 + 176 304
0%
15 + 290 305
0%
131 + 174 305
0%
150 + 155 305
0%
2 + 304 306
0%
6 + 300 306
0%
9 + 297 306
0%
18 + 288 306
0%
21 + 285 306
0%
29 + 277 306
0%
32 + 274 306
0%
14 + 293 307
0%
103 + 204 307
0%
1 + 307 308
0%
26 + 282 308
0%
126 + 182 308
0%
12 + 297 309
0%
3 + 28 31
0%
4 + 27 31
0%
1 + 309 310
0%
4 + 306 310
0%
7 + 303 310
0%
9 + 301 310
0%
30 + 280 310
0%
42 + 268 310
0%
57 + 253 310
0%
94 + 216 310
0%
3 + 308 311
0%
4 + 308 312
0%
11 + 301 312
0%
16 + 296 312
0%
38 + 274 312
0%
43 + 269 312
0%
54 + 258 312
0%
121 + 191 312
0%
5 + 308 313
0%
55 + 258 313
0%
70 + 243 313
0%
2 + 312 314
0%
3 + 311 314
0%
6 + 308 314
0%
8 + 306 314
0%
9 + 305 314
0%
11 + 303 314
0%
22 + 292 314
0%
37 + 277 314
0%
82 + 232 314
0%
4 + 311 315
0%
11 + 304 315
0%
59 + 256 315
0%
1 + 315 316
0%
5 + 311 316
0%
17 + 299 316
0%
33 + 283 316
0%
6 + 311 317
0%
23 + 294 317
0%
27 + 290 317
0%
36 + 281 317
0%
66 + 251 317
0%
96 + 221 317
0%
15 + 303 318
0%
20 + 298 318
0%
41 + 277 318
0%
151 + 167 318
0%
3 + 316 319
0%
14 + 305 319
0%
3 + 29 32
0%
87 + 233 320
0%
44 + 277 321
0%
49 + 272 321
0%
120 + 201 321
0%
2 + 320 322
0%
5 + 317 322
0%
8 + 314 322
0%
9 + 313 322
0%
27 + 295 322
0%
58 + 264 322
0%
78 + 244 322
0%
101 + 221 322
0%
151 + 171 322
0%
6 + 317 323
0%
58 + 265 323
0%
124 + 199 323
0%
129 + 194 323
0%
3 + 321 324
0%
19 + 305 324
0%
103 + 221 324
0%
1 + 324 325
0%
4 + 321 325
0%
27 + 298 325
0%
32 + 293 325
0%
44 + 281 325
0%
62 + 263 325
0%
81 + 244 325
0%
87 + 238 325
0%
158 + 167 325
0%
1 + 325 326
0%
2 + 324 326
0%
27 + 299 326
0%
84 + 242 326
0%
4 + 323 327
0%
42 + 285 327
0%
1 + 327 328
0%
24 + 304 328
0%
45 + 283 328
0%
12 + 317 329
0%
13 + 316 329
0%
56 + 273 329
0%
78 + 251 329
0%
9 + 24 33
0%
5 + 325 330
0%
7 + 323 330
0%
9 + 321 330
0%
16 + 314 330
0%
28 + 302 330
0%
31 + 299 330
0%
113 + 217 330
0%
129 + 201 330
0%
2 + 329 331
0%
20 + 311 331
0%
65 + 266 331
0%
99 + 232 331
0%
8 + 324 332
0%
143 + 189 332
0%
63 + 270 333
0%
4 + 330 334
0%
29 + 305 334
0%
35 + 299 334
0%
5 + 330 335
0%
6 + 329 335
0%
7 + 328 335
0%
26 + 309 335
0%
51 + 284 335
0%
13 + 323 336
0%
14 + 322 336
0%
18 + 318 336
0%
22 + 314 336
0%
38 + 298 336
0%
47 + 289 336
0%
68 + 268 336
0%
137 + 199 336
0%
4 + 333 337
0%
10 + 327 337
0%
15 + 322 337
0%
20 + 317 337
0%
26 + 311 337
0%
52 + 285 337
0%
79 + 258 337
0%
1 + 337 338
0%
59 + 279 338
0%
73 + 265 338
0%
4 + 335 339
0%
9 + 330 339
0%
12 + 327 339
0%
28 + 311 339
0%
37 + 302 339
0%
40 + 299 339
0%
83 + 256 339
0%
134 + 205 339
0%
140 + 199 339
0%
2 + 338 340
0%
11 + 329 340
0%
39 + 301 340
0%
45 + 295 340
0%
46 + 294 340
0%
142 + 198 340
0%
149 + 191 340
0%
3 + 338 341
0%
56 + 285 341
0%
92 + 249 341
0%
7 + 335 342
0%
14 + 328 342
0%
17 + 325 342
0%
72 + 270 342
0%
1 + 342 343
0%
17 + 326 343
0%
44 + 299 343
0%
85 + 258 343
0%
112 + 231 343
0%
30 + 314 344
0%
88 + 256 344
0%
145 + 199 344
0%
4 + 341 345
0%
5 + 340 345
0%
18 + 327 345
0%
75 + 270 345
0%
115 + 230 345
0%
117 + 228 345
0%
133 + 212 345
0%
6 + 340 346
0%
9 + 337 346
0%
18 + 328 346
0%
48 + 298 346
0%
69 + 277 346
0%
80 + 266 346
0%
86 + 260 346
0%
129 + 217 346
0%
2 + 345 347
0%
107 + 240 347
0%
3 + 345 348
0%
7 + 341 348
0%
29 + 319 348
0%
91 + 257 348
0%
95 + 253 348
0%
1 + 348 349
0%
90 + 259 349
0%
4 + 31 35
0%
7 + 28 35
0%
9 + 26 35
0%
10 + 25 35
0%
16 + 334 350
0%
19 + 331 350
0%
2 + 349 351
0%
57 + 294 351
0%
79 + 272 351
0%
1 + 351 352
0%
4 + 348 352
0%
28 + 324 352
0%
37 + 315 352
0%
39 + 313 352
0%
50 + 302 352
0%
51 + 301 352
0%
166 + 186 352
0%
170 + 182 352
0%
55 + 298 353
0%
150 + 203 353
0%
160 + 193 353
0%
27 + 327 354
0%
64 + 290 354
0%
65 + 289 354
0%
5 + 350 355
0%
9 + 346 355
0%
29 + 326 355
0%
38 + 317 355
0%
149 + 206 355
0%
10 + 346 356
0%
11 + 345 356
0%
15 + 341 356
0%
68 + 288 356
0%
3 + 354 357
0%
33 + 324 357
0%
66 + 291 357
0%
6 + 352 358
0%
7 + 351 358
0%
18 + 340 358
0%
21 + 337 358
0%
26 + 332 358
0%
37 + 321 358
0%
107 + 251 358
0%
9 + 350 359
0%
12 + 347 359
0%
14 + 345 359
0%
31 + 328 359
0%
5 + 355 360
0%
8 + 352 360
0%
32 + 328 360
0%
41 + 319 360
0%
65 + 295 360
0%
106 + 254 360
0%
131 + 229 360
0%
43 + 318 361
0%
4 + 358 362
0%
10 + 352 362
0%
14 + 348 362
0%
17 + 345 362
0%
21 + 341 362
0%
60 + 302 362
0%
119 + 243 362
0%
132 + 230 362
0%
134 + 228 362
0%
23 + 340 363
0%
2 + 362 364
0%
54 + 310 364
0%
17 + 348 365
0%
19 + 346 365
0%
20 + 345 365
0%
48 + 317 365
0%
55 + 310 365
0%
58 + 307 365
0%
70 + 295 365
0%
82 + 283 365
0%
4 + 362 366
0%
8 + 358 366
0%
12 + 354 366
0%
22 + 344 366
0%
87 + 279 366
0%
5 + 362 367
0%
11 + 356 367
0%
37 + 330 367
0%
41 + 326 367
0%
43 + 324 367
0%
9 + 359 368
0%
25 + 343 368
0%
16 + 353 369
0%
35 + 334 369
0%
49 + 320 369
0%
1 + 36 37
0%
2 + 35 37
0%
3 + 367 370
0%
47 + 323 370
0%
61 + 309 370
0%
1 + 370 371
0%
5 + 366 371
0%
9 + 362 371
0%
19 + 352 371
0%
30 + 341 371
0%
31 + 340 371
0%
69 + 302 371
0%
176 + 195 371
0%
4 + 368 372
0%
18 + 354 372
0%
60 + 312 372
0%
96 + 276 372
0%
124 + 248 372
0%
13 + 360 373
0%
15 + 358 373
0%
24 + 349 373
0%
25 + 348 373
0%
59 + 314 373
0%
83 + 290 373
0%
24 + 350 374
0%
45 + 329 374
0%
4 + 371 375
0%
45 + 330 375
0%
6 + 370 376
0%
23 + 353 376
0%
26 + 350 376
0%
28 + 348 376
0%
126 + 250 376
0%
133 + 243 376
0%
7 + 370 377
0%
8 + 369 377
0%
38 + 339 377
0%
43 + 334 377
0%
89 + 288 377
0%
91 + 286 377
0%
125 + 252 377
0%
174 + 203 377
0%
2 + 376 378
0%
8 + 370 378
0%
11 + 367 378
0%
14 + 364 378
0%
17 + 361 378
0%
52 + 326 378
0%
3 + 376 379
0%
5 + 374 379
0%
15 + 364 379
0%
30 + 349 379
0%
77 + 302 379
0%
114 + 266 380
0%
4 + 377 381
0%
36 + 345 381
0%
1 + 381 382
0%
21 + 361 382
0%
39 + 343 382
0%
76 + 306 382
0%
128 + 254 382
0%
7 + 376 383
0%
8 + 375 383
0%
22 + 361 383
0%
27 + 356 383
0%
29 + 354 383
0%
36 + 347 383
0%
45 + 338 383
0%
86 + 297 383
0%
114 + 269 383
0%
2 + 382 384
0%
5 + 379 384
0%
8 + 376 384
0%
60 + 324 384
0%
9 + 376 385
0%
12 + 373 385
0%
113 + 272 385
0%
27 + 359 386
0%
33 + 353 386
0%
109 + 277 386
0%
2 + 385 387
0%
8 + 379 387
0%
38 + 349 387
0%
143 + 244 387
0%
151 + 236 387
0%
6 + 382 388
0%
7 + 381 388
0%
9 + 379 388
0%
14 + 374 388
0%
20 + 368 388
0%
30 + 358 388
0%
31 + 357 388
0%
50 + 338 388
0%
1 + 388 389
0%
17 + 372 389
0%
67 + 322 389
0%
4 + 386 390
0%
18 + 372 390
0%
23 + 367 390
0%
48 + 342 390
0%
74 + 316 390
0%
102 + 288 390
0%
3 + 388 391
0%
20 + 371 391
0%
34 + 357 391
0%
84 + 307 391
0%
136 + 255 391
0%
19 + 373 392
0%
40 + 352 392
0%
44 + 348 392
0%
68 + 324 392
0%
130 + 262 392
0%
141 + 251 392
0%
5 + 388 393
0%
13 + 380 393
0%
15 + 378 393
0%
25 + 368 393
0%
45 + 348 393
0%
72 + 321 393
0%
78 + 315 393
0%
2 + 392 394
0%
11 + 383 394
0%
37 + 357 394
0%
38 + 357 395
0%
48 + 347 395
0%
56 + 339 395
0%
25 + 372 397
0%
58 + 339 397
0%
107 + 290 397
0%
1 + 397 398
0%
6 + 392 398
0%
8 + 390 398
0%
47 + 351 398
0%
58 + 340 398
0%
138 + 260 398
0%
155 + 243 398
0%
9 + 390 399
0%
41 + 358 399
0%
139 + 260 399
0%
3 + 37 40
0%
5 + 35 40
0%
7 + 33 40
0%
10 + 30 40
0%
21 + 379 400
0%
31 + 369 400
0%
104 + 296 400
0%
13 + 388 401
0%
18 + 383 401
0%
19 + 382 401
0%
24 + 378 402
0%
39 + 363 402
0%
83 + 319 402
0%
159 + 243 402
0%
4 + 399 403
0%
5 + 398 403
0%
6 + 397 403
0%
7 + 396 403
0%
18 + 385 403
0%
28 + 375 403
0%
145 + 258 403
0%
2 + 402 404
0%
16 + 388 404
0%
97 + 307 404
0%
118 + 286 404
0%
175 + 229 404
0%
10 + 395 405
0%
12 + 393 405
0%
16 + 389 405
0%
23 + 382 405
0%
35 + 370 405
0%
46 + 359 405
0%
5 + 401 406
0%
10 + 396 406
0%
37 + 369 406
0%
124 + 282 406
0%
152 + 254 406
0%
4 + 403 407
0%
11 + 396 407
0%
54 + 353 407
0%
94 + 313 407
0%
120 + 287 407
0%
139 + 268 407
0%
8 + 400 408
0%
9 + 399 408
0%
14 + 394 408
0%
18 + 390 408
0%
158 + 250 408
0%
33 + 376 409
0%
60 + 349 409
0%
93 + 316 409
0%
144 + 265 409
0%
156 + 253 409
0%
179 + 230 409
0%
6 + 35 41
0%
3 + 407 410
0%
17 + 393 410
0%
24 + 386 410
0%
53 + 357 410
0%
116 + 294 410
0%
125 + 285 410
0%
16 + 395 411
0%
27 + 384 411
0%
81 + 330 411
0%
134 + 277 411
0%
6 + 406 412
0%
73 + 339 412
0%
78 + 334 412
0%
120 + 292 412
0%
25 + 388 413
0%
32 + 381 413
0%
2 + 412 414
0%
5 + 409 414
0%
8 + 406 414
0%
66 + 348 414
0%
80 + 334 414
0%
168 + 246 414
0%
1 + 414 415
0%
3 + 412 415
0%
6 + 409 415
0%
7 + 408 415
0%
50 + 365 415
0%
90 + 325 415
0%
192 + 223 415
0%
9 + 407 416
0%
58 + 358 416
0%
79 + 337 416
0%
147 + 269 416
0%
177 + 239 416
0%
4 + 413 417
0%
12 + 405 417
0%
15 + 402 417
0%
115 + 302 417
0%
128 + 289 417
0%
18 + 400 418
0%
52 + 366 418
0%
97 + 321 418
0%
105 + 313 418
0%
150 + 268 418
0%
7 + 412 419
0%
9 + 410 419
0%
65 + 354 419
0%
89 + 330 419
0%
5 + 37 42
0%
9 + 33 42
0%
10 + 32 42
0%
11 + 31 42
0%
2 + 418 420
0%
3 + 417 420
0%
5 + 415 420
0%
6 + 414 420
0%
15 + 405 420
0%
30 + 390 420
0%
82 + 338 420
0%
2 + 419 421
0%
16 + 405 421
0%
37 + 385 422
0%
46 + 376 422
0%
5 + 418 423
0%
14 + 409 423
0%
42 + 381 423
0%
118 + 305 423
0%
165 + 258 423
0%
7 + 417 424
0%
52 + 372 424
0%
59 + 365 424
0%
98 + 326 424
0%
12 + 413 425
0%
16 + 409 425
0%
24 + 401 425
0%
83 + 342 425
0%
93 + 332 425
0%
168 + 257 425
0%
11 + 415 426
0%
18 + 408 426
0%
22 + 404 426
0%
3 + 424 427
0%
4 + 423 427
0%
6 + 421 427
0%
16 + 411 427
0%
28 + 399 427
0%
48 + 379 427
0%
85 + 342 427
0%
62 + 366 428
0%
1 + 428 429
0%
17 + 412 429
0%
38 + 391 429
0%
127 + 302 429
0%
176 + 253 429
0%
204 + 225 429
0%
2 + 41 43
0%
4 + 39 43
0%
12 + 31 43
0%
19 + 24 43
0%
8 + 422 430
0%
19 + 411 430
0%
21 + 409 430
0%
2 + 429 431
0%
6 + 425 431
0%
39 + 392 431
0%
43 + 388 431
0%
198 + 233 431
0%
5 + 427 432
0%
67 + 365 432
0%
84 + 348 432
0%
99 + 333 432
0%
9 + 424 433
0%
44 + 389 433
0%
134 + 299 433
0%
8 + 426 434
0%
49 + 385 434
0%
71 + 363 434
0%
117 + 317 434
0%
4 + 431 435
0%
16 + 419 435
0%
40 + 395 435
0%
41 + 394 435
0%
78 + 357 435
0%
6 + 430 436
0%
21 + 415 436
0%
54 + 382 436
0%
87 + 349 436
0%
140 + 296 436
0%
163 + 273 436
0%
3 + 434 437
0%
7 + 430 437
0%
21 + 416 437
0%
25 + 412 437
0%
28 + 409 437
0%
15 + 423 438
0%
32 + 406 438
0%
153 + 285 438
0%
205 + 233 438
0%
3 + 436 439
0%
11 + 428 439
0%
61 + 378 439
0%
157 + 282 439
0%
3 + 41 44
0%
1 + 439 440
0%
18 + 422 440
0%
31 + 409 440
0%
48 + 392 440
0%
67 + 373 440
0%
153 + 287 440
0%
10 + 431 441
0%
20 + 421 441
0%
40 + 401 441
0%
54 + 387 441
0%
121 + 320 441
0%
146 + 295 441
0%
197 + 244 441
0%
33 + 409 442
0%
4 + 439 443
0%
13 + 430 443
0%
135 + 308 443
0%
8 + 436 444
0%
15 + 429 444
0%
26 + 418 444
0%
27 + 417 444
0%
49 + 395 444
0%
142 + 302 444
0%
166 + 278 444
0%
9 + 436 445
0%
22 + 423 445
0%
39 + 406 445
0%
117 + 328 445
0%
5 + 441 446
0%
7 + 439 446
0%
36 + 410 446
0%
46 + 400 446
0%
113 + 333 446
0%
180 + 266 446
0%
3 + 444 447
0%
7 + 440 447
0%
56 + 391 447
0%
1 + 447 448
0%
14 + 434 448
0%
30 + 418 448
0%
59 + 389 448
0%
69 + 379 448
0%
90 + 358 448
0%
96 + 352 448
0%
13 + 436 449
0%
81 + 368 449
0%
121 + 328 449
0%
88 + 362 450
0%
152 + 298 450
0%
182 + 268 450
0%
7 + 444 451
0%
12 + 439 451
0%
18 + 433 451
0%
169 + 282 451
0%
7 + 445 452
0%
19 + 433 452
0%
66 + 386 452
0%
130 + 322 452
0%
134 + 318 452
0%
6 + 447 453
0%
8 + 445 453
0%
13 + 440 453
0%
16 + 437 453
0%
29 + 424 453
0%
30 + 423 453
0%
31 + 422 453
0%
64 + 389 453
0%
9 + 445 454
0%
31 + 423 454
0%
45 + 409 454
0%
51 + 403 454
0%
3 + 452 455
0%
5 + 450 455
0%
9 + 446 455
0%
14 + 441 455
0%
23 + 432 455
0%
24 + 431 455
0%
86 + 369 455
0%
13 + 443 456
0%
15 + 441 456
0%
28 + 428 456
0%
57 + 399 456
0%
1 + 456 457
0%
4 + 453 457
0%
6 + 451 457
0%
21 + 436 457
0%
37 + 420 457
0%
4 + 454 458
0%
6 + 452 458
0%
53 + 405 458
0%
62 + 396 458
0%
63 + 395 458
0%
70 + 388 458
0%
121 + 337 458
0%
7 + 452 459
0%
10 + 449 459
0%
59 + 400 459
0%
202 + 257 459
0%
1 + 45 46
0%
2 + 44 46
0%
4 + 42 46
0%
8 + 38 46
0%
11 + 35 46
0%
13 + 33 46
0%
15 + 31 46
0%
25 + 435 460
0%
2 + 459 461
0%
6 + 455 461
0%
13 + 448 461
0%
20 + 441 461
0%
76 + 385 461
0%
78 + 383 461
0%
93 + 368 461
0%
115 + 346 461
0%
119 + 342 461
0%
163 + 298 461
0%
5 + 457 462
0%
8 + 454 462
0%
34 + 428 462
0%
50 + 412 462
0%
68 + 394 462
0%
136 + 326 462
0%
3 + 460 463
0%
44 + 419 463
0%
52 + 411 463
0%
59 + 404 463
0%
131 + 332 463
0%
8 + 456 464
0%
101 + 363 464
0%
132 + 332 464
0%
185 + 279 464
0%
11 + 454 465
0%
80 + 385 465
0%
124 + 341 465
0%
197 + 268 465
0%
216 + 249 465
0%
9 + 457 466
0%
22 + 444 466
0%
82 + 384 466
0%
129 + 337 466
0%
149 + 317 466
0%
154 + 312 466
0%
160 + 306 466
0%
46 + 421 467
0%
64 + 403 467
0%
83 + 384 467
0%
110 + 357 467
0%
2 + 466 468
0%
4 + 464 468
0%
14 + 454 468
0%
26 + 442 468
0%
29 + 439 468
0%
42 + 426 468
0%
47 + 421 468
0%
98 + 370 468
0%
179 + 289 468
0%
5 + 464 469
0%
19 + 450 469
0%
38 + 431 469
0%
43 + 426 469
0%
103 + 366 469
0%
142 + 327 469
0%
18 + 29 47
0%
1 + 469 470
0%
8 + 462 470
0%
84 + 386 470
0%
59 + 412 471
0%
113 + 358 471
0%
5 + 467 472
0%
8 + 464 472
0%
39 + 433 472
0%
85 + 387 472
0%
126 + 346 472
0%
137 + 335 472
0%
3 + 470 473
0%
15 + 458 473
0%
23 + 450 473
0%
65 + 408 473
0%
67 + 406 473
0%
95 + 378 473
0%
102 + 371 473
0%
22 + 452 474
0%
27 + 447 474
0%
36 + 438 474
0%
37 + 437 474
0%
55 + 419 474
0%
156 + 318 474
0%
178 + 296 474
0%
5 + 470 475
0%
17 + 458 475
0%
1 + 475 476
0%
9 + 467 476
0%
16 + 460 476
0%
66 + 410 476
0%
88 + 388 476
0%
91 + 385 476
0%
187 + 289 476
0%
196 + 280 476
0%
10 + 467 477
0%
18 + 459 477
0%
94 + 383 477
0%
95 + 382 477
0%
170 + 307 477
0%
2 + 476 478
0%
6 + 472 478
0%
13 + 465 478
0%
19 + 459 478
0%
9 + 470 479
0%
41 + 438 479
0%
73 + 406 479
0%
175 + 304 479
0%
226 + 253 479
0%
2 + 46 48
0%
7 + 41 48
0%
8 + 40 48
0%
10 + 38 48
0%
11 + 469 480
0%
36 + 444 480
0%
47 + 433 480
0%
2 + 479 481
0%
44 + 437 481
0%
183 + 298 481
0%
3 + 479 482
0%
35 + 447 482
0%
53 + 429 482
0%
67 + 415 482
0%
90 + 392 482
0%
204 + 278 482
0%
6 + 477 483
0%
14 + 469 483
0%
54 + 429 483
0%
101 + 382 483
0%
104 + 379 483
0%
48 + 436 484
0%
58 + 426 484
0%
68 + 416 484
0%
72 + 412 484
0%
97 + 387 484
0%
2 + 483 485
0%
11 + 474 485
0%
12 + 473 485
0%
36 + 449 485
0%
42 + 443 485
0%
59 + 426 485
0%
123 + 362 485
0%
162 + 323 485
0%
9 + 477 486
0%
47 + 439 486
0%
95 + 391 486
0%
3 + 484 487
0%
8 + 479 487
0%
9 + 478 487
0%
15 + 472 487
0%
24 + 463 487
0%
235 + 252 487
0%
25 + 463 488
0%
9 + 480 489
0%
23 + 466 489
0%
32 + 457 489
0%
57 + 432 489
0%
71 + 418 489
0%
92 + 397 489
0%
5 + 485 490
0%
6 + 484 490
0%
102 + 388 490
0%
17 + 474 491
0%
10 + 482 492
0%
12 + 480 492
0%
16 + 476 492
0%
20 + 472 492
0%
43 + 449 492
0%
20 + 473 493
0%
132 + 361 493
0%
190 + 303 493
0%
3 + 491 494
0%
8 + 486 494
0%
7 + 488 495
0%
19 + 476 495
0%
28 + 467 495
0%
84 + 411 495
0%
4 + 492 496
0%
5 + 491 496
0%
6 + 490 496
0%
30 + 466 496
0%
41 + 455 496
0%
105 + 391 496
0%
118 + 378 496
0%
236 + 260 496
0%
8 + 489 497
0%
26 + 471 497
0%
177 + 320 497
0%
2 + 496 498
0%
9 + 489 498
0%
15 + 483 498
0%
22 + 476 498
0%
59 + 439 498
0%
1 + 498 499
0%
14 + 485 499
0%
69 + 430 499
0%
104 + 395 499
0%
182 + 317 499
0%
6 + 44 50
0%
17 + 33 50
0%
4 + 496 500
0%
7 + 493 500
0%
20 + 480 500
0%
27 + 473 500
0%
38 + 462 500
0%
46 + 454 500
0%
10 + 491 501
0%
19 + 482 501
0%
46 + 455 501
0%
72 + 429 501
0%
114 + 387 501
0%
237 + 264 501
0%
3 + 499 502
0%
14 + 488 502
0%
51 + 451 502
0%
63 + 439 502
0%
12 + 491 503
0%
25 + 478 503
0%
29 + 474 503
0%
76 + 427 503
0%
85 + 418 503
0%
90 + 413 503
0%
96 + 407 503
0%
2 + 502 504
0%
19 + 485 504
0%
24 + 480 504
0%
52 + 452 504
0%
150 + 354 504
0%
156 + 348 504
0%
4 + 501 505
0%
21 + 484 505
0%
111 + 394 505
0%
116 + 389 505
0%
209 + 296 505
0%
5 + 501 506
0%
8 + 498 506
0%
13 + 493 506
0%
24 + 482 506
0%
39 + 467 506
0%
48 + 458 506
0%
74 + 432 506
0%
106 + 400 506
0%
1 + 506 507
0%
9 + 498 507
0%
93 + 414 507
0%
18 + 490 508
0%
54 + 454 508
0%
61 + 447 508
0%
175 + 333 508
0%
235 + 273 508
0%
8 + 501 509
0%
10 + 499 509
0%
70 + 439 509
0%
7 + 503 510
0%
28 + 482 510
0%
33 + 477 510
0%
137 + 373 510
0%
3 + 508 511
0%
23 + 488 511
0%
47 + 464 511
0%
78 + 433 511
0%
92 + 419 511
0%
113 + 399 512
0%
214 + 298 512
0%
11 + 502 513
0%
86 + 427 513
0%
89 + 424 513
0%
164 + 349 513
0%
1 + 513 514
0%
50 + 464 514
0%
152 + 362 514
0%
235 + 279 514
0%
6 + 509 515
0%
35 + 480 515
0%
109 + 406 515
0%
26 + 490 516
0%
100 + 416 516
0%
150 + 366 516
0%
8 + 509 517
0%
9 + 508 517
0%
11 + 506 517
0%
29 + 488 517
0%
35 + 482 517
0%
4 + 514 518
0%
9 + 509 518
0%
17 + 501 518
0%
20 + 498 518
0%
36 + 482 518
0%
87 + 431 518
0%
2 + 517 519
0%
4 + 515 519
0%
12 + 507 519
0%
14 + 505 519
0%
22 + 497 519
0%
53 + 466 519
0%
9 + 43 52
0%
18 + 34 52
0%
19 + 33 52
0%
21 + 499 520
0%
30 + 490 520
0%
80 + 440 520
0%
217 + 303 520
0%
250 + 270 520
0%
5 + 516 521
0%
7 + 514 521
0%
13 + 508 521
0%
58 + 463 521
0%
199 + 322 521
0%
12 + 510 522
0%
15 + 507 522
0%
181 + 341 522
0%
24 + 499 523
0%
71 + 452 523
0%
181 + 342 523
0%
213 + 310 523
0%
1 + 523 524
0%
5 + 519 524
0%
16 + 508 524
0%
105 + 419 524
0%
133 + 391 524
0%
2 + 523 525
0%
44 + 481 525
0%
62 + 463 525
0%
65 + 460 525
0%
165 + 360 525
0%
34 + 492 526
0%
51 + 475 526
0%
85 + 441 526
0%
138 + 388 526
0%
193 + 333 526
0%
195 + 331 526
0%
242 + 284 526
0%
4 + 523 527
0%
5 + 522 527
0%
9 + 518 527
0%
18 + 509 527
0%
46 + 481 527
0%
63 + 464 527
0%
70 + 457 527
0%
82 + 445 527
0%
5 + 523 528
0%
16 + 512 528
0%
31 + 497 528
0%
134 + 394 528
0%
3 + 526 529
0%
7 + 522 529
0%
8 + 521 529
0%
27 + 502 529
0%
2 + 51 53
0%
8 + 45 53
0%
22 + 31 53
0%
34 + 496 530
0%
45 + 485 530
0%
64 + 466 530
0%
1 + 530 531
0%
10 + 521 531
0%
27 + 504 531
0%
59 + 472 531
0%
60 + 471 531
0%
32 + 500 532
0%
37 + 495 532
0%
140 + 392 532
0%
159 + 373 532
0%
2 + 531 533
0%
4 + 529 533
0%
28 + 505 533
0%
33 + 500 533
0%
39 + 494 533
0%
84 + 449 533
0%
1 + 533 534
0%
9 + 525 534
0%
25 + 509 534
0%
35 + 499 534
0%
125 + 409 534
0%
158 + 376 534
0%
33 + 502 535
0%
79 + 456 535
0%
81 + 454 535
0%
8 + 528 536
0%
23 + 513 536
0%
51 + 485 536
0%
52 + 484 536
0%
55 + 481 536
0%
58 + 478 536
0%
68 + 468 536
0%
5 + 532 537
0%
7 + 530 537
0%
8 + 529 537
0%
15 + 522 537
0%
38 + 499 537
0%
60 + 477 537
0%
93 + 444 537
0%
120 + 417 537
0%
231 + 306 537
0%
1 + 537 538
0%
3 + 535 538
0%
6 + 532 538
0%
15 + 523 538
0%
60 + 478 538
0%
7 + 532 539
0%
14 + 525 539
0%
23 + 516 539
0%
26 + 513 539
0%
29 + 510 539
0%
258 + 281 539
0%
5 + 49 54
0%
1 + 539 540
0%
4 + 536 540
0%
9 + 531 540
0%
19 + 521 540
0%
43 + 497 540
0%
91 + 449 540
0%
163 + 377 540
0%
170 + 370 540
0%
48 + 493 541
0%
74 + 467 541
0%
88 + 453 541
0%
16 + 526 542
0%
24 + 518 542
0%
127 + 415 542
0%
9 + 534 543
0%
22 + 521 543
0%
48 + 495 543
0%
89 + 454 543
0%
30 + 514 544
0%
67 + 477 544
0%
72 + 472 544
0%
124 + 420 544
0%
128 + 416 544
0%
144 + 400 544
0%
150 + 394 544
0%
2 + 543 545
0%
8 + 537 545
0%
28 + 517 545
0%
31 + 514 545
0%
85 + 460 545
0%
189 + 356 545
0%
191 + 354 545
0%
210 + 335 545
0%
21 + 525 546
0%
24 + 522 546
0%
39 + 507 546
0%
41 + 505 546
0%
123 + 423 546
0%
3 + 544 547
0%
7 + 540 547
0%
35 + 512 547
0%
36 + 511 547
0%
1 + 547 548
0%
6 + 542 548
0%
9 + 539 548
0%
11 + 537 548
0%
4 + 545 549
0%
17 + 532 549
0%
29 + 520 549
0%
58 + 491 549
0%
234 + 315 549
0%
257 + 292 549
0%
1 + 54 55
0%
2 + 53 55
0%
14 + 41 55
0%
17 + 38 55
0%
4 + 546 550
0%
95 + 455 550
0%
2 + 549 551
0%
5 + 546 551
0%
29 + 522 551
0%
42 + 509 551
0%
79 + 472 551
0%
80 + 471 551
0%
107 + 444 551
0%
139 + 412 551
0%
177 + 374 551
0%
19 + 533 552
0%
103 + 449 552
0%
139 + 413 552
0%
178 + 374 552
0%
271 + 281 552
0%
42 + 511 553
0%
119 + 434 553
0%
145 + 408 553
0%
177 + 376 553
0%
1 + 553 554
0%
7 + 547 554
0%
18 + 536 554
0%
82 + 472 554
0%
113 + 441 554
0%
145 + 409 554
0%
205 + 349 554
0%
248 + 306 554
0%
2 + 553 555
0%
3 + 552 555
0%
14 + 541 555
0%
15 + 540 555
0%
48 + 507 555
0%
78 + 477 555
0%
93 + 462 555
0%
117 + 438 555
0%
170 + 385 555
0%
4 + 552 556
0%
7 + 549 556
0%
8 + 548 556
0%
67 + 489 556
0%
115 + 441 556
0%
132 + 424 556
0%
201 + 355 556
0%
256 + 300 556
0%
9 + 548 557
0%
25 + 532 557
0%
57 + 500 557
0%
71 + 486 557
0%
95 + 463 558
0%
157 + 401 558
0%
228 + 330 558
0%
2 + 557 559
0%
4 + 555 559
0%
12 + 547 559
0%
26 + 533 559
0%
28 + 531 559
0%
38 + 521 559
0%
56 + 503 559
0%
7 + 49 56
0%
18 + 38 56
0%
73 + 487 560
0%
75 + 485 560
0%
117 + 443 560
0%
227 + 333 560
0%
272 + 288 560
0%
13 + 548 561
0%
16 + 545 561
0%
53 + 508 561
0%
121 + 440 561
0%
146 + 415 561
0%
9 + 553 562
0%
40 + 522 562
0%
69 + 493 562
0%
1 + 562 563
0%
17 + 546 563
0%
25 + 538 563
0%
38 + 525 563
0%
183 + 380 563
0%
8 + 556 564
0%
55 + 509 564
0%
144 + 420 564
0%
255 + 309 564
0%
3 + 562 565
0%
6 + 559 565
0%
7 + 558 565
0%
30 + 535 565
0%
36 + 529 565
0%
69 + 496 565
0%
104 + 461 565
0%
147 + 418 565
0%
220 + 345 565
0%
10 + 556 566
0%
15 + 551 566
0%
19 + 547 566
0%
45 + 521 566
0%
54 + 512 566
0%
67 + 499 566
0%
198 + 368 566
0%
2 + 565 567
0%
17 + 550 567
0%
22 + 545 567
0%
23 + 544 567
0%
27 + 540 567
0%
184 + 383 567
0%
226 + 341 567
0%
22 + 546 568
0%
27 + 541 568
0%
35 + 533 568
0%
154 + 414 568
0%
207 + 361 568
0%
271 + 297 568
0%
8 + 561 569
0%
24 + 545 569
0%
34 + 535 569
0%
6 + 51 57
0%
9 + 48 57
0%
8 + 562 570
0%
168 + 402 570
0%
215 + 355 570
0%
1 + 570 571
0%
3 + 568 571
0%
33 + 538 571
0%
49 + 522 571
0%
113 + 458 571
0%
149 + 422 571
0%
156 + 415 571
0%
161 + 410 571
0%
10 + 562 572
0%
28 + 544 572
0%
52 + 520 572
0%
62 + 510 572
0%
83 + 489 572
0%
3 + 570 573
0%
4 + 569 573
0%
28 + 545 573
0%
229 + 344 573
0%
1 + 573 574
0%
6 + 568 574
0%
7 + 567 574
0%
9 + 565 574
0%
14 + 560 574
0%
43 + 531 574
0%
51 + 523 574
0%
77 + 497 574
0%
7 + 568 575
0%
12 + 563 575
0%
86 + 489 575
0%
3 + 573 576
0%
73 + 503 576
0%
167 + 409 576
0%
2 + 575 577
0%
6 + 571 577
0%
36 + 541 577
0%
98 + 479 577
0%
164 + 413 577
0%
5 + 573 578
0%
21 + 557 578
0%
29 + 549 578
0%
34 + 544 578
0%
39 + 539 578
0%
172 + 406 578
0%
258 + 320 578
0%
7 + 572 579
0%
20 + 559 579
0%
57 + 522 579
0%
105 + 474 579
0%
4 + 54 58
0%
8 + 572 580
0%
9 + 571 580
0%
16 + 564 580
0%
23 + 557 580
0%
143 + 437 580
0%
160 + 420 580
0%
2 + 579 581
0%
38 + 543 581
0%
92 + 489 581
0%
222 + 359 581
0%
237 + 344 581
0%
4 + 578 582
0%
15 + 567 582
0%
31 + 551 582
0%
162 + 420 582
0%
221 + 361 582
0%
1 + 582 583
0%
17 + 566 583
0%
25 + 558 583
0%
65 + 518 583
0%
69 + 514 583
0%
85 + 498 583
0%
111 + 472 583
0%
208 + 375 583
0%
259 + 324 583
0%
260 + 323 583
0%
52 + 532 584
0%
58 + 526 584
0%
166 + 418 584
0%
1 + 584 585
0%
5 + 580 585
0%
6 + 579 585
0%
8 + 577 585
0%
11 + 574 585
0%
100 + 485 585
0%
230 + 355 585
0%
250 + 335 585
0%
43 + 543 586
0%
136 + 450 586
0%
169 + 417 586
0%
20 + 567 587
0%
234 + 353 587
0%
3 + 585 588
0%
189 + 399 588
0%
1 + 588 589
0%
9 + 580 589
0%
12 + 577 589
0%
14 + 575 589
0%
19 + 570 589
0%
50 + 539 589
0%
95 + 494 589
0%
125 + 464 589
0%
2 + 57 59
0%
8 + 51 59
0%
14 + 45 59
0%
6 + 584 590
0%
42 + 548 590
0%
101 + 489 590
0%
2 + 589 591
0%
4 + 587 591
0%
13 + 578 591
0%
28 + 563 591
0%
63 + 528 591
0%
96 + 495 591
0%
153 + 438 591
0%
5 + 587 592
0%
10 + 582 592
0%
77 + 515 592
0%
119 + 473 592
0%
130 + 462 592
0%
19 + 574 593
0%
70 + 523 593
0%
79 + 514 593
0%
110 + 483 593
0%
154 + 439 593
0%
3 + 591 594
0%
8 + 586 594
0%
47 + 547 594
0%
51 + 543 594
0%
53 + 541 594
0%
58 + 536 594
0%
14 + 581 595
0%
41 + 554 595
0%
78 + 517 595
0%
3 + 593 596
0%
11 + 585 596
0%
27 + 569 596
0%
29 + 567 596
0%
63 + 533 596
0%
87 + 509 596
0%
99 + 497 596
0%
155 + 441 596
0%
1 + 596 597
0%
28 + 569 597
0%
66 + 531 597
0%
4 + 594 598
0%
6 + 592 598
0%
9 + 589 598
0%
15 + 583 598
0%
23 + 575 598
0%
28 + 570 598
0%
33 + 565 598
0%
44 + 554 598
0%
126 + 472 598
0%
1 + 598 599
0%
14 + 585 599
0%
20 + 579 599
0%
32 + 567 599
0%
90 + 509 599
0%
102 + 497 599
0%
1 + 59 60
0%
3 + 57 60
0%
16 + 44 60
0%
18 + 42 60
0%
19 + 41 60
0%
2 + 59 61
0%
13 + 48 61
0%
23 + 38 61
0%
12 + 50 62
0%
15 + 47 62
0%
24 + 38 62
0%
7 + 56 63
0%
8 + 55 63
0%
21 + 42 63
0%
25 + 38 63
0%
7 + 57 64
0%
21 + 43 64
0%
26 + 38 64
0%
4 + 61 65
0%
5 + 62 67
0%
6 + 61 67
0%
20 + 47 67
0%
1 + 67 68
0%
2 + 66 68
0%
11 + 57 68
0%
17 + 51 68
0%
10 + 59 69
0%
26 + 43 69
0%
1 + 69 70
0%
3 + 67 70
0%
14 + 56 70
0%
22 + 48 70
0%
16 + 56 72
0%
27 + 45 72
0%
32 + 40 72
0%
8 + 65 73
0%
13 + 60 73
0%
5 + 69 74
0%
6 + 68 74
0%
8 + 66 74
0%
9 + 65 74
0%
12 + 62 74
0%
2 + 73 75
0%
3 + 72 75
0%
8 + 67 75
0%
19 + 56 75
0%
24 + 51 75
0%
27 + 49 76
0%
22 + 55 77
0%
35 + 42 77
0%
3 + 75 78
0%
28 + 50 78
0%
29 + 49 78
0%
5 + 74 79
0%
7 + 72 79
0%
14 + 65 79
0%
2 + 6 8
0%
1 + 79 80
0%
1 + 81 82
0%
2 + 80 82
0%
8 + 75 83
0%
11 + 72 83
0%
18 + 65 83
0%
29 + 54 83
0%
6 + 78 84
0%
16 + 68 84
0%
17 + 67 84
0%
23 + 61 84
0%
42 + 43 85
0%
11 + 75 86
0%
19 + 67 86
0%
32 + 54 86
0%
4 + 83 87
0%
8 + 79 87
0%
3 + 85 88
0%
12 + 76 88
0%
5 + 84 89
0%
10 + 79 89
0%
31 + 58 89
0%
1 + 8 9
0%
1 + 89 90
0%
6 + 84 90
0%
11 + 79 90
0%
21 + 69 90
0%
26 + 64 90
0%
2 + 89 91
0%
7 + 84 91
0%
18 + 73 91
0%
6 + 86 92
0%
21 + 71 92
0%
2 + 91 93
0%
3 + 90 93
0%
13 + 80 93
0%
22 + 71 93
0%
40 + 53 93
0%
7 + 87 94
0%
36 + 58 94
0%
38 + 56 94
0%
41 + 53 94
0%
8 + 87 95
0%
14 + 81 95
0%
30 + 65 95
0%
14 + 82 96
0%
20 + 76 96
0%
1 + 96 97
0%
2 + 95 97
0%
3 + 95 98
0%
5 + 93 98
0%
19 + 79 98
0%
3 + 96 99
0%
14 + 85 99
0%
40 + 59 99
0%
Geen overeenkomende quizzen gevonden
Scoreverdeling
Procent van Mensen met Elke Score
Percentiel versus Aantal Correcte Antwoorden
Uw Scoregeschiedenis
U heeft deze quiz nog niet genomen